| 000 | 03675nam a22007577a 4500 | ||
|---|---|---|---|
| 003 | CHAP | ||
| 005 | 20220329142133.0 | ||
| 008 | 991210d1999 mx rs o00110 spa d | ||
| 010 | _a79024 | ||
| 011 | _a79996 | ||
| 020 | _a970-13-2316-5 | ||
| 020 | _a970-13-2317-3 | ||
| 020 | _a970-13-2318-1 | ||
| 020 | _a970-13-2319-X | ||
| 020 | _a970-13-2320-3 | ||
| 020 | _a970-13-2321-1 | ||
| 020 | _a970-13-2322-X | ||
| 020 | _a970-13-2323-8 | ||
| 020 | _a970-13-2324-6 | ||
| 020 | _a970-13-2325-4 | ||
| 020 | _a970-13-2326-2 | ||
| 020 | _a970-13-2327-0 | ||
| 020 | _a970-13-2329-7 | ||
| 020 | _a970-13-2330-0 | ||
| 020 | _a970-13-2331-9 | ||
| 020 | _a970-13-2332-7 | ||
| 020 | _a9701323289 | ||
| 035 | _a90435 | ||
| 040 | _cCHAP | ||
| 082 | 0 | 4 |
_a338.972 _bI59 1998 Tab. |
| 110 | 2 |
_aInstituto Nacional de Estadística, Geografía e Informática. México _959304 |
|
| 245 | 1 | 0 |
_aCuaderno estadístico municipal : _bTabasco _c/por Instituto Nacional de Estadística, Geografía e Informática |
| 260 |
_aAguascalientes, Ags. : _bInstituto Nacional de Estadística, Geografía e Informática, _c1999. |
||
| 300 | _av. | ||
| 500 | _aLa biblioteca tiene : v.1 Balancán.--v.2 Cárdenas.--v.3 Centla.--v.4 Centro.--v.5 Comacalco.--v.6 Cunduacán.--v.7 Emiliano Zapata.--v.8 Huimanguillo.--v.9 Jalapa.--v.10 Jalpa de Méndez.--v.11 Jonuta.--v.12 Macuspana.--v.13 Nacajuca.--v.14 Paraíso.--v.15 Tlacotalpa.--v.16 Teapa.--v.17 Tenosique | ||
| 590 |
_aBATCH-UPD _b10 _c20130110 _lUCH01 _h0001 |
||
| 590 |
_aBATCH-UPD _b10 _c20130110 _lUCH01 _h1812 |
||
| 590 |
_aBATCH-UPD _b10 _c20130410 _lUCH01 _h1147 |
||
| 590 |
_aBATCH-UPD _b10 _c20130914 _lUCH01 _h1502 |
||
| 590 |
_aCONVERSION _b10 _c20130109 _lUCH01 _h1344 |
||
| 650 | 1 | 4 |
_aAgricultura _xEstadisticas _zTabasco. _91468 |
| 650 | 1 | 4 |
_aGanadería _xEstadísticas _zTabasco. _944727 |
| 650 | 1 | 4 |
_aTabasco _xCondiciones económicas. _9111269 |
| 650 | 1 | 4 |
_aTabasco _xCondiciones sociales. _9111271 |
| 650 | 1 | 4 |
_aTabasco _xEstadísticas. _9111276 |
| 901 | _aBK | ||
| 905 | _aLilia Sánchez G. | ||
| 942 | _cLIBRO | ||
| 949 |
_a338.972 I59 1998 Tab. _bBC _cINEGI _d168258.16.1 _eINEGI _fv.16 _h96449 _i90435 _sb |
||
| 949 |
_a338.972 I59 1998 Tab. _bBC _cINEGI _d33724000744108 _eINEGI _fv.17 _h96450 _i90435 _sb |
||
| 949 |
_a338.972 I59 1998 Tab. _bBC _cINEGI _d33724000744124 _eINEGI _fv.15 _h96448 _i90435 _sb |
||
| 949 |
_a338.972 I59 1998 Tab. _bBC _cINEGI _d33724000744132 _eINEGI _fv.14 _h96447 _i90435 _sb |
||
| 949 |
_a338.972 I59 1998 Tab. _bBC _cINEGI _d33724000744140 _eINEGI _fv.13 _h96446 _i90435 _sb |
||
| 949 |
_a338.972 I59 1998 Tab. _bBC _cINEGI _d33724000744157 _eINEGI _fv.12 _h96445 _i90435 _sb |
||
| 949 |
_a338.972 I59 1998 Tab. _bBC _cINEGI _d33724000744165 _eINEGI _fv.11 _h96444 _i90435 _sb |
||
| 949 |
_a338.972 I59 1998 Tab. _bBC _cINEGI _d33724000744173 _eINEGI _fv.10 _h96443 _i90435 _sb |
||
| 949 |
_a338.972 I59 1998 Tab. _bBC _cINEGI _d33724000744181 _eINEGI _fv.9 _h96442 _i90435 _sb |
||
| 949 |
_a338.972 I59 1998 Tab. _bBC _cINEGI _d33724000744199 _eINEGI _fv.8 _h96441 _i90435 _sb |
||
| 949 |
_a338.972 I59 1998 Tab. _bBC _cINEGI _d33724000744207 _eINEGI _fv.7 _h96440 _i90435 _sb |
||
| 949 |
_a338.972 I59 1998 Tab. _bBC _cINEGI _d33724000744215 _eINEGI _fv.6 _h96439 _i90435 _sb |
||
| 949 |
_a338.972 I59 1998 Tab. _bBC _cINEGI _d33724000744223 _eINEGI _fv.5 _h96438 _i90435 _sb |
||
| 949 |
_a338.972 I59 1998 Tab. _bBC _cINEGI _d33724000744231 _eINEGI _fv.4 _h96437 _i90435 _sb |
||
| 949 |
_a338.972 I59 1998 Tab. _bBC _cINEGI _d33724000744249 _eINEGI _fv.3 _h96436 _i90435 _sb |
||
| 949 |
_a338.972 I59 1998 Tab. _bBC _cINEGI _d33724000744256 _eINEGI _fv.2 _h96435 _i90435 _sb |
||
| 949 |
_a338.972 I59 1998 Tab. _bBC _cINEGI _d33724000744264 _eINEGI _fv.1 _h96434 _i90435 _sb |
||
| 999 |
_c79024 _d79024 |
||